Co-operative Research Centre for Construction Innovation (Record no. 120168)
[ view plain ]
| 000 -LEADER | |
|---|---|
| fixed length control field | 00822cam a2200181 4500 |
| 001 - CONTROL NUMBER | |
| control field | WS119286 |
| 008 - FIXED-LENGTH DATA ELEMENTS--GENERAL INFORMATION | |
| fixed length control field | 020809n 000 0 eng u |
| 035 ## - SYSTEM CONTROL NUMBER | |
| System control number | (Sirsi) u119286 |
| 110 ## - MAIN ENTRY--CORPORATE NAME | |
| Corporate name or jurisdiction name as entry element | Co-operative Research Centre for Construction Innovation |
| 9 (RLIN) | 4331 |
| 245 ## - TITLE STATEMENT | |
| Title | Co-operative Research Centre for Construction Innovation |
| 520 ## - SUMMARY, ETC. | |
| Summary, etc. | Web site for this research body set up by the Australian government which aims 'to increase national prosperity through world class Australian scientific construction and asset management'. Includes details of current research projects. |
| 650 ## - SUBJECT ADDED ENTRY--TOPICAL TERM | |
| Topical term or geographic name entry element | RESEARCH |
| 650 ## - SUBJECT ADDED ENTRY--TOPICAL TERM | |
| Topical term or geographic name entry element | AUSTRALIA |
| 650 ## - SUBJECT ADDED ENTRY--TOPICAL TERM | |
| Topical term or geographic name entry element | CONSTRUCTION INDUSTRY |
| 690 ## - LOCAL SUBJECT ADDED ENTRY--TOPICAL TERM (OCLC, RLIN) | |
| Topical term or geographic name as entry element | BUILT ENVIRONMENT |
| 856 40 - ELECTRONIC LOCATION AND ACCESS | |
| Uniform Resource Identifier | <a href="https://www.cmp.bee.qut.edu.au/crc">https://www.cmp.bee.qut.edu.au/crc</a> |
| Public note | View the website free of charge at www.cmp.bee.qut.edu.au/crc... |
| 942 ## - ADDED ENTRY ELEMENTS (KOHA) | |
| Suppress in OPAC | 0 |
| Withdrawn status | Lost status | Source of classification or shelving scheme | Damaged status | Not for loan | Home library | Current library | Shelving location | Date acquired | Total Checkouts | Full call number | Barcode | Date last seen | Copy number | Price effective from | Koha item type |
|---|---|---|---|---|---|---|---|---|---|---|---|---|---|---|---|
| Dewey Decimal Classification | Virtual | Virtual | Online | 09/08/2002 | WEB SITE | 119286-2001 | 06/08/2019 | 1 | 06/08/2019 | Online material |